Administración pública y políticas de salud (Registro nro. 148257)

Detalles MARC
000 -CABECERA
campo de control de longitud fija 00806nam a2200289Ia 4500
001 - NÚMERO DE CONTROL
campo de control 148257
003 - IDENTIFICADOR DEL NÚMERO DE CONTROL
campo de control 241638
005 - FECHA Y HORA DE LA ÚLTIMA TRANSACCIÓN
campo de control 20240710164058.0
008 - DATOS DE LONGITUD FIJA--INFORMACIÓN GENERAL
campo de control de longitud fija 151121n ||||||||| 000 0 spa d
020 ## - NÚMERO INTERNACIONAL ESTÁNDAR DEL LIBRO
Número Internacional Estándar del Libro 9786074016871
040 ## - FUENTE DE LA CATALOGACIÓN
Centro catalogador/agencia de origen CO-BoESAP
Lengua de catalogación spa
Centro/agencia transcriptor CO-BoESAP
082 ## - NÚMERO DE LA CLASIFICACIÓN DECIMAL DEWEY
Número de clasificación 353.6
100 ## - ENTRADA PRINCIPAL--NOMBRE DE PERSONA
Nombre de persona Chávez Carapia, Julia del Carmen
9 (RLIN) 181881
245 #0 - MENCIÓN DE TÍTULO
Título Administración pública y políticas de salud
250 ## - MENCIÓN DE EDICIÓN
Mención de edición Primera edición
504 ## - NOTA DE BIBLIOGRAFÍA, ETC.
Nota de bibliografía, etc. Incluye notas a pie de página
526 ## - NOTA DE INFORMACIÓN SOBRE EL PROGRAMA DE ESTUDIO
Nombre del programa 9683 - ESPECIALIZACIÓN EN ALTA GERENCIA DEL SISTEMA DE SEGURIDAD SOCIAL EN SALUD - A distancia
526 ## - NOTA DE INFORMACIÓN SOBRE EL PROGRAMA DE ESTUDIO
Nombre del programa 51868 - ADMINISTRACIÓN PÚBLICA - Presencial
526 ## - NOTA DE INFORMACIÓN SOBRE EL PROGRAMA DE ESTUDIO
Nombre del programa
562 ## - NOTA DE IDENTIFICACIÓN DE LA COPIA Y VERSIÓN
Número de copias 3
526 ## - NOTA DE INFORMACIÓN SOBRE EL PROGRAMA DE ESTUDIO
Nombre del programa 3899 - ESPECIALIZACIÓN EN GERENCIA HOSPITALARIA - A distancia
650 ## - PUNTO DE ACCESO ADICIONAL DE MATERIA--TÉRMINO DE MATERIA
Término de materia o nombre geográfico como elemento de entrada ADMINISTRACIÓN HOSPITALARIA--MÉXICO
9 (RLIN) 181882
650 ## - PUNTO DE ACCESO ADICIONAL DE MATERIA--TÉRMINO DE MATERIA
Término de materia o nombre geográfico como elemento de entrada POLÍTICA DE SALUD--MÉXICO
9 (RLIN) 181883
650 ## - PUNTO DE ACCESO ADICIONAL DE MATERIA--TÉRMINO DE MATERIA
Término de materia o nombre geográfico como elemento de entrada SALUD PÚBLICA--MÉXICO
9 (RLIN) 157713
942 ## - ELEMENTOS DE PUNTO DE ACCESO ADICIONAL (KOHA)
Tipo de ítem Koha Libro
Fuente del sistema de clasificación o colocación Dewey Decimal Classification
Existencias
Estado de retiro Estado de pérdida Estado dañado No para préstamo Código de colección Localización permanente Ubicación/localización actual Coste, precio normal de compra Total de préstamos Signatura topográfica completa Código de barras Fecha visto por última vez Número de copia Tipo de ítem Koha
        General Bogotá - Sede Central Bogotá - Sede Central 39000.00   353.6 C41a 130852 22/02/2026 1 Libro
        General Bogotá - Sede Central Bogotá - Sede Central 39000.00   353.6 C41a e2 130853 22/02/2026 2 Libro
        General Bogotá - Sede Central Bogotá - Sede Central 39000.00   353.6 C41a e3 130854 22/02/2026 3 Libro